[Event "SVK-ch U2400"]
[Site "Liptovsky Jan"]
[Date "2025.06.15"]
[Round "8"]
[White "Jaroszewski, Piotr"]
[Black "Mlynek, Maksymilian"]
[Result "1/2-1/2"]
[WhiteElo "1748"]
[BlackElo "1780"]
[PlyCount "55"]
[EventDate "2025.06.12"]
[EventType "swiss"]
[EventRounds "8"]
[EventCountry "SVK"]
[SourceTitle "CB25_2025"]
[SourceDate "2025.06.18"]
[SourceVersion "1"]
[SourceVersionDate "2025.06.18"]
[SourceQuality "1"]

1. e4 c6 2. d4 d5 3. Nd2 dxe4 4. Nxe4 Nd7 5. Ng5 Ngf6 6. Bd3 e6 7. Ne2 Bd6 8. 0-0 Qc7 9. Ng3 Nf8 10. Re1 h6 11. N5e4 Nxe4 12. Bxe4 Bd7 13. a4 0-0-0 14. c4 f5 15. Bd3 g5 16. c5 Bf4 17. b4 Bxc1 18. Qxc1 Ng6 19. b5 Nf4 20. Bc4 Rde8 21. b6 axb6 22. cxb6 Qxb6 23. Rb1 Qa5 24. Qb2 Qa7 25. Re5 Nd5 26. Rc1 Kd8 27. Rb1 Kc7 28. Nh5 1/2-1/2

[Event "SVK-ch U2400"]
[Site "Liptovsky Jan"]
[Date "2025.06.14"]
[Round "6"]
[White "Jaroszewski, Piotr"]
[Black "Hitka, Dominik"]
[Result "0-1"]
[WhiteElo "1748"]
[BlackElo "1909"]
[PlyCount "80"]
[EventDate "2025.06.12"]
[EventType "swiss"]
[EventRounds "8"]
[EventCountry "SVK"]
[SourceTitle "CB25_2025"]
[SourceDate "2025.06.18"]
[SourceVersion "1"]
[SourceVersionDate "2025.06.18"]
[SourceQuality "1"]

1. e4 e6 2. d4 d5 3. exd5 exd5 4. Bd3 Nf6 5. Bg5 Bd6 6. Ne2 c5 7. c3 0-0 8. h3 h6 9. Be3 b6 10. Nd2 Ba6 11. Bxa6 Nxa6 12. 0-0 Qc7 13. a4 c4 14. Nf3 Nb8 15. Nh4 Nc6 16. Nf5 Na5 17. Nxd6 Qxd6 18. Nc1 Rfe8 19. Qf3 Re4 20. g4 Nd7 21. Kh1 Qf6 22. Qg3 Rae8 23. Rg1 g5 24. Rg2 Nf8 25. h4 Ng6 26. hxg5 hxg5 27. Ne2 Nf4 28. Nxf4 gxf4 29. Qf3 Nb3 30. Rag1 Qg5 31. Bc1 Nxc1 32. Rxc1 Re1+ 33. Rg1 Rxc1 34. Rxc1 Re6 35. Rg1 Rg6 36. Rg2 Qh4+ 37. Kg1 Rh6 38. Kf1 Qh1+ 39. Ke2 Re6+ 40. Kd2 Qe1+ 0-1